[Event "Torshavn Kjolur op"]
[Site "Torshavn"]
[Date "2023.01.29"]
[Round "6"]
[White "Petersen, Elias"]
[Black "Samuelsen, Brestir"]
[Result "1/2-1/2"]
[WhiteElo "1450"]
[BlackElo "1274"]
[PlyCount "121"]
[EventDate "2023.01.27"]
[EventType "swiss"]
[EventRounds "7"]
[EventCountry "FAI"]
[SourceTitle "EXT 2024"]
[Source "ChessBase"]
[SourceDate "2023.10.10"]
[SourceVersion "1"]
[SourceVersionDate "2023.10.10"]
[SourceQuality "1"]

1. c4 e5 2. g3 Nf6 3. Bg2 c6 4. e3 d6 5. Nc3 Be7 6. Nge2 0-0 7. 0-0 Be6 8. b3 Nbd7 9. Bb2 h6 10. d4 exd4 11. exd4 d5 12. cxd5 Nxd5 13. Nxd5 Bxd5 14. Bxd5 cxd5 15. Nf4 Nf6 16. Re1 Bd6 17. Nd3 Re8 18. Ne5 Qb6 19. Kg2 Rac8 20. Re3 Ne4 21. f3 Bxe5 22. fxe4 dxe4 23. Rxe4 Bf6 24. Rxe8+ Rxe8 25. Rc1 Qa6 26. Rc4 Qxa2 27. Qc2 Qa6 28. Qd3 Qe6 29. Rc2 Qe4+ 30. Qxe4 Rxe4 31. Kf3 Re7 32. d5 Bxb2 33. Rxb2 Kf8 34. Ra2 a6 35. Kf4 g6 36. h4 Ke8 37. h5 Kd7 38. hxg6 fxg6 39. Rh2 h5 40. Kg5 Re3 41. Rg2 Rxb3 42. Kxg6 Rd3 43. Kxh5 Rxd5+ 44. Kh6 b5 45. g4 a5 46. g5 Rd1 47. g6 Kc6 48. Kg5 Rd7 49. Kf5 a4 50. g7 Rxg7 51. Rxg7 Kd5 52. Rd7+ Kc4 53. Ke4 b4 54. Ke3 Kc3 55. Ke2 a3 56. Ra7 Kb2 57. Kd3 b3 58. Ra8 a2 59. Kc4 Kc2 60. Ra7 Kb2 61. Ra8 1/2-1/2

[Event "Nordic-ch U16"]
[Site "Torshavn"]
[Date "2021.09.12"]
[Round "6"]
[White "Petersen, Elias"]
[Black "Polkki, Eino1111"]
[Result "0-1"]
[WhiteElo "1423"]
[BlackElo "1679"]
[PlyCount "126"]
[EventDate "2021.09.10"]
[EventType "swiss"]
[EventRounds "6"]
[EventCountry "FAI"]
[SourceTitle "EXT 2023"]
[Source "ChessBase"]
[SourceDate "2022.10.05"]
[SourceVersion "1"]
[SourceVersionDate "2022.10.05"]
[SourceQuality "1"]

1. e4 e5 2. Nf3 Nc6 3. Bc4 Nf6 4. d3 Bc5 5. c3 d6 6. Nbd2 0-0 7. 0-0 Be6 8. Bb3 Bb6 9. Re1 Bxb3 10. Nxb3 Ne7 11. d4 exd4 12. cxd4 Ng6 13. Qc2 h6 14. h3 Re8 15. a4 a6 16. a5 Ba7 17. Nbd2 Qd7 18. Qc3 Qc6 19. e5 Qxc3 20. bxc3 dxe5 21. Nxe5 Nd5 22. Bb2 Ngf4 23. Nec4 Ne2+ 24. Kf1 Nexc3 25. Nf3 Nb5 26. Na3 Nb4 27. Nxb5 axb5 28. Rad1 Nc6 29. Rxe8+ Rxe8 30. Ra1 Rd8 31. a6 bxa6 32. Rxa6 Bb6 33. Ke2 Nxd4+ 34. Bxd4 Bxd4 35. Nxd4 Rxd4 36. Rc6 Rc4 37. Ra6 b4 38. Kd3 Rc3+ 39. Kd2 c5 40. Rb6 g6 41. Rb8+ Kg7 42. Rb6 g5 43. Rb7 Kg6 44. Rb6+ f6 45. Rc6 Kf5 46. Rb6 h5 47. g4+ hxg4 48. hxg4+ Kxg4 49. Rxf6 Rf3 50. Rc6 Rxf2+ 51. Kd1 Rf5 52. Ke2 Kg3 53. Ke1 g4 54. Ke2 Kg2 55. Rg6 g3 56. Rg7 b3 57. Rb7 Kg1 58. Rxb3 g2 59. Rh3 c4 60. Ke1 Re5+ 61. Kd2 Kf2 62. Rh2 Kf1 63. Rh3 g1Q 0-1

[Event "Runavik op"]
[Site "Runavik"]
[Date "2018.11.13"]
[Round "2"]
[White "Olsen, Kaj"]
[Black "Petersen, Elias"]
[Result "1-0"]
[WhiteElo "1718"]
[BlackElo "1045"]
[PlyCount "55"]
[EventDate "2018.11.12"]
[EventType "swiss"]
[EventRounds "9"]
[EventCountry "FAI"]
[SourceTitle "CBM 187 Extra"]
[Source "ChessBase"]
[SourceDate "2018.11.04"]
[SourceVersion "1"]
[SourceVersionDate "2018.11.04"]
[SourceQuality "1"]

1. e4 e5 2. Nf3 Nc6 3. Bb5 Bc5 4. 0-0 d6 5. h3 Bd7 6. c3 a6 7. Ba4 b5 8. Bb3 h6 9. d4 Bb6 10. Re1 Nf6 11. Qd3 0-0 12. dxe5 Nxe5 13. Nxe5 dxe5 14. Qg3 Nh5 15. Qxe5 Nf6 16. Qg3 Nh5 17. Qg6 Kh8 18. Qxh5 Qf6 19. Be3 Bxe3 20. Rxe3 a5 21. a3 Kh7 22. Rf3 Qe7 23. Rxf7 Rxf7 24. Qxf7 Qxf7 25. Bxf7 Rf8 26. Bb3 Re8 27. Nd2 Bc6 28. f3 1-0

[Event "Faroes op"]
[Site "Sandavagur"]
[Date "2018.07.13"]
[Round "8"]
[White "Petersen, Elias"]
[Black "Gregersen, Einar"]
[Result "0-1"]
[WhiteElo "1035"]
[BlackElo "1665"]
[PlyCount "60"]
[EventDate "2018.07.07"]
[EventType "swiss"]
[EventRounds "9"]
[EventCountry "FAI"]
[SourceTitle "CBM 185 Extra"]
[Source "ChessBase"]
[SourceDate "2018.07.29"]
[SourceVersion "1"]
[SourceVersionDate "2018.07.29"]
[SourceQuality "1"]

1. e4 c5 2. Nf3 d6 3. h3 g6 4. Bc4 Bg7 5. 0-0 Nc6 6. Nc3 a6 7. a3 Nf6 8. d3 0-0 9. Be3 Nd7 10. Qd2 Nde5 11. Nxe5 Nxe5 12. Bb3 b5 13. f4 Nc6 14. Rf3 Bb7 15. Raf1 e6 16. f5 exf5 17. exf5 Nd4 18. Rf4 Nxf5 19. a4 Be5 20. Rg4 h5 21. Rxg6+ Kh7 22. Rg5 Nxe3 23. Rxh5+ Kg6 24. Qe2 f5 25. Rf2 bxa4 26. Ba2 f4 27. h4 f3 28. Rg5+ Qxg5 29. hxg5 fxe2 30. Rxe2 Rf1# 0-1

[Event "Faroes op"]
[Site "Sandavagur"]
[Date "2018.07.11"]
[Round "6"]
[White "Tummasarson, Flovin M"]
[Black "Petersen, Elias"]
[Result "1-0"]
[WhiteElo "1237"]
[BlackElo "1035"]
[PlyCount "83"]
[EventDate "2018.07.07"]
[EventType "swiss"]
[EventRounds "9"]
[EventCountry "FAI"]
[SourceTitle "CBM 185 Extra"]
[Source "ChessBase"]
[SourceDate "2018.07.29"]
[SourceVersion "1"]
[SourceVersionDate "2018.07.29"]
[SourceQuality "1"]

1. e4 e5 2. Nf3 Nc6 3. Bc4 Bc5 4. c3 d6 5. d4 Bb6 6. Be3 Bg4 7. d5 Nce7 8. Bxb6 axb6 9. Nbd2 Nf6 10. Qc2 0-0 11. h3 Bh5 12. 0-0 h6 13. Rfe1 c6 14. dxc6 bxc6 15. Bb3 Bg6 16. Qc1 Qc7 17. c4 Nd7 18. Qc3 Kh8 19. Bc2 f5 20. Nh4 Bh7 21. exf5 Bxf5 22. Bxf5 Nxf5 23. Ng6+ Kg8 24. Nxf8 Rxf8 25. Ne4 Nd4 26. Rac1 Nf6 27. f4 Nh5 28. fxe5 dxe5 29. Ng3 Nf4 30. Qe3 Re8 31. Rf1 Re7 32. Rcd1 c5 33. Qe4 Kh8 34. Rde1 Kg8 35. Rxf4 exf4 36. Qxe7 Qxe7 37. Rxe7 fxg3 38. Rb7 Nc2 39. Rxb6 Nb4 40. a4 Kf7 41. Rxb4 cxb4 42. a5 1-0

[Event "Faroes op"]
[Site "Sandavagur"]
[Date "2018.07.10"]
[Round "5"]
[White "Petersen, Elias"]
[Black "Fjallheim, Benjamin Reinert"]
[Result "1-0"]
[WhiteElo "1035"]
[BlackElo "1375"]
[PlyCount "83"]
[EventDate "2018.07.07"]
[EventType "swiss"]
[EventRounds "9"]
[EventCountry "FAI"]
[SourceTitle "CBM 185 Extra"]
[Source "ChessBase"]
[SourceDate "2018.07.29"]
[SourceVersion "1"]
[SourceVersionDate "2018.07.29"]
[SourceQuality "1"]

1. e4 e5 2. Nf3 Nc6 3. Bc4 Bc5 4. c3 Nf6 5. d3 d6 6. h3 Be6 7. Bb5 Bd7 8. 0-0 Qe7 9. Re1 a6 10. Ba4 0-0-0 11. d4 exd4 12. cxd4 Bb6 13. Nc3 Rhe8 14. Nd5 Qf8 15. Nxf6 gxf6 16. Bf4 Qg7 17. Bg3 h5 18. Kh1 Rh8 19. Bh4 Rdg8 20. Rg1 Ne7 21. Bc2 Ng6 22. Qd2 Bg4 23. Bg3 Bd7 24. Bh4 Rh6 25. Bxf6 Qf8 26. Rae1 c6 27. d5 c5 28. Rc1 Bd8 29. Bxd8 Kxd8 30. Qa5+ Kc8 31. b4 Nf4 32. Bd1 Nd3 33. Rc2 Rhg6 34. bxc5 dxc5 35. e5 Kb8 36. d6 Bxh3 37. Nh4 Rg5 38. Qa3 Nf4 39. Bf3 Qg7 40. Qxc5 Nxg2 41. Qc7+ Ka7 42. Qxb7# 1-0

[Event "Faroes op"]
[Site "Sandavagur"]
[Date "2018.07.08"]
[Round "2"]
[White "Haubro, Siv"]
[Black "Petersen, Elias"]
[Result "1-0"]
[WhiteElo "1780"]
[BlackElo "1035"]
[PlyCount "41"]
[EventDate "2018.07.07"]
[EventType "swiss"]
[EventRounds "9"]
[EventCountry "FAI"]
[SourceTitle "CBM 185 Extra"]
[Source "ChessBase"]
[SourceDate "2018.07.29"]
[SourceVersion "1"]
[SourceVersionDate "2018.07.29"]
[SourceQuality "1"]

1. e4 e5 2. Nf3 Nc6 3. Bc4 Bc5 4. 0-0 h6 5. c3 d6 6. d4 Bb6 7. h3 Nf6 8. d5 Ne7 9. Bd3 c6 10. c4 0-0 11. Nc3 Nh7 12. Qc2 Bd4 13. Nxd4 exd4 14. Ne2 c5 15. e5 g6 16. Bxh6 Re8 17. e6 f5 18. g4 Nf6 19. gxf5 Kh7 20. Bg5 Nh5 21. f6 1-0